00764nam a2200217Ia 4500003000900000008004100009020003000050020003100080022002200111022002300133040001600156100002200172245007000194260005700264300002000321490003800341650003000379650005200409650001200461856007300473IN-BaIIA211028s9999 xx s 000 0 eng d a978-3-642-35364-2 (Print) a978-3-642-35365-9 (Online) a0081-3869 (Print) a1615-0430 (Online) cIIA Library aKontani, Hiroshi  0aTransport Phenomena in Strongly Correlated Fermi Liquidsh[eBook] aHeidelberg, BerlinbSpringer Berlin Heidelbergc2013 aOnline resource aSpringer Tracts in Modern Physics a Condensed Matter Physics a Strongly Correlated Systems, Superconductivity aPhysics uhttp://doi.org/10.1007/978-3-642-35365-9yClick Here to Access eBook